000
00332nam a22001457a 4500
020
_a
9788131700648
082
_a
658.4013 BES
100
_a
Besterfield, Dale H.
_9
2647
245
_a
Quality control
250
_a
7th
260
_a
India
_b
Pearson
_c
2018
300
_a
viii,519 P
650
_a
QUALITY CONTROL
_9
869
942
_c
BK
999
_c
576763
_d
576763